Traité de pathologie médicale et de thérapeutique appliquée / publié sous la direction de Emile Sergent, .L. Ribadeau-Dumas, L. Babonneix,. (Registro nro. 188380)

Detalles MARC
000 -LEADER
campo de control de longitud fija 01002nam a2200217 i 4500
001 - NÚMERO DE CONTROL
campo de control 188380
003 - IDENTIFICADOR DE NÚMERO DE CONTROL
campo de control ES-MaACL
005 - FECHA Y HORA DE LA ÚLTIMA TRANSACCIÓN
campo de control 20251002204756.0
008 - DATOS DE LONGITUD FIJA--INFORMACIÓN GENERAL
campo de control de longitud fija 180906s1924 fr |||| | fre d
245 00 - MENCIÓN DEL TÍTULO
Título Traité de pathologie médicale et de thérapeutique appliquée / publié sous la direction de Emile Sergent, .L. Ribadeau-Dumas, L. Babonneix,.
Número de parte o sección de la obra XXVII,
Nombre de parte o sección de la obra Diagnostics de laboratoire, I. Introduction. Méthodes usuelles de laboratoire appliquées au diagnostic des malades /
Mención de responsabilidad, etc. par MM. le professeur Letulle et P. Pruvost.
260 ## - PUBLICACIÓN, DISTRIBUCIÓN, ETC.
Lugar de publicación, distribución, etc. Paris :
Nombre del editor, distribuidor, etc. A. Maloine,
Fecha de publicación, distribución, etc. 1924.
300 ## - DESCRIPCIÓN FÍSICA
Extensión 730 p. :
Otras características físicas il. ;
Dimensiones 21 cm.
650 #4 - PUNTO DE ACCESO ADICIONAL DE MATERIA--TÉRMINO DE MATERIA
Término de materia o nombre geográfico como elemento de entrada Diagnóstico de laboratorio.
9 (RLIN) 158370
700 1# - ENTRADA AGREGADA--NOMBRE PERSONAL
Nombre de persona Sergent, Émile,
Fechas asociadas al nombre 1867-1943
9 (RLIN) 151848
700 1# - ENTRADA AGREGADA--NOMBRE PERSONAL
Nombre de persona Ribadeau-Dumas, Louis (
Fechas asociadas al nombre 1876-1951)
9 (RLIN) 151844
700 1# - ENTRADA AGREGADA--NOMBRE PERSONAL
Nombre de persona Babonneix, Léon,
Fechas asociadas al nombre 1876-1942
9 (RLIN) 151847
700 1# - ENTRADA AGREGADA--NOMBRE PERSONAL
Nombre de persona Letulle, Maurice,
Fechas asociadas al nombre 1853-1929
9 (RLIN) 71893
700 1# - ENTRADA AGREGADA--NOMBRE PERSONAL
Nombre de persona Pruvost, Pierre,
Fechas asociadas al nombre 1882-1970
9 (RLIN) 94090
852 ## - LOCALIZACIÓN
Ubicación ES-MaACL
Número de control de estantería C-16759
Existencias
Estatus retirado Estado de pérdida Estado de daño No para préstamo Biblioteca de origen Biblioteca actual Ubicación en estantería Fecha de adquisición Fuente de adquisición Total de préstamos Signatura topográfica completa Código de barras Visto por última vez Precio de reemplazo Tipo de ítem Koha
        Biblioteca del Ateneo de Madrid Biblioteca del Ateneo de Madrid Galería 06/09/2018     C-16759 1199278 23/02/2023 23/02/2023 Libro impreso